000 04395cam a2200301 4500500
005 20260329014356.0
041 _afre
042 _adc
100 1 0 _aYeo-Tenena, Yessonguilan
_eauthor
700 1 0 _aAssi-Sedji, Catherine
_eauthor
700 1 0 _aTraoré, Brahim Samuel
_eauthor
700 1 0 _aDelafosse, Roger Charles Joseph
_eauthor
700 1 0 _aDrissa, Koné
_eauthor
700 1 0 _aSoro, Loyaga Jean-Jacques
_eauthor
245 0 0 _aProblématique de l’insertion de la santé mentale dans les soins de santé primaire en Côte d’Ivoire : à propos de 103 patients admis en hospitalisation à Bingerville
260 _c2014.
500 _a42
520 _aDu 01 juillet 2008 au 31 Août 2008 nous avons réalisé une étude transversale descriptive à l’hôpital psychiatrique de Bingerville (HPB) qui avait pour objectif de décrire les offres de soins en santé mentale dans les structures sanitaires publiques de proximité (SSPP).le but de cette étude était de contribuer à l’insertion des soins de santé mentale dans les soins de santé primaire en Côte d’Ivoire. L’étude a donné les résultats suivants : on notait une prédominance des adultes jeunes (76,70%) et des patients sans revenu (69,90%). Au plan clinique, la majorité des patients (67,96%) étaient à leur première admission avec une prédominance de l’agitation psychomotrice et l’agressivité ((70,88%) comme motifs d’admission. La demande d’hospitalisation émanait majoritairement de la famille (73,79%). La catégorie diagnostique la plus observée (58%) était la catégorie F20- F29 (Schizophrénie, troubles schizotypiques et troubles délirants) la majorité des patients (70,87%) avaient une SSPP dans leur milieu. Une proportion de 18,18% des patients ayant une SSPP dans leur milieu avait eu recours à celle-ci avant d’être référée à l’HPB. La majorité des patients (80,82%) ayant une SSPP dans leur milieu n’avaient pas eu recours à cette structure et s’étaient orientés directement à l’HPB en évoquant comme raison l’inadaptation de la SSPP dans 91,66% des cas. Les patients affirmaient accepter une consultation à la SSPP (94,52%) au lieu de se rendre à l’HPB pour les raisons suivantes : ⦁ les préjugés sur l’HPB (42,03%), • le mode de fonctionnement de l’HPB qui était vécu comme asilaire (14,49%).
520 _aFrom July 01st, 2008 to August 31st, 2008, we carried out a descriptive cross-sectional study with the psychiatric hospital of Bingerville (HPB) which aimed to describe the offers of care in mental health in the public medical structures of proximity (SSPP). The goal of this study was to contribute to the mental insertion of the health care in the health care primary education in Ivory Coast. The study gave the following results: one noted a prevalence of the young adults (76.70%) and patients without income (69.90%). With the clinical plan, the majority of the patients (67,96%) were with their first admission with a prevalence of psychomotor agitation and aggressiveness ((70,88%) as reasons for admission.la request for hospitalization emanated mainly from the family (73.79%), The category diagnoses the most observed (58%) was the category F20- F29 (Schizophrenia, hoop nets schizotypic and disorders delirious) .la majority of the patients (70.87%) had a SSPP in their medium. A proportion of 18.18% of the patients having a SSPP in their medium had had recourse to this one before being referred to HPB. la majority of the patients (80.82%) having a SSPP in their medium had not had recourse to this structure and had been directed directly with the HPB by evoking like reason the maladjustment of the SSPP in 91.66% of the cases. The patients affirmed to accept a consultation with the SSPP (94.52%) instead of going to the HPB for the following reasons: • prejudged them on the HPB (42.03%) ; • it operating process of the HPB which is lived like seclusion (14.49%).
690 _aproximité des soins
690 _aSoins de santé mentale
690 _aSoins de santé primaire
690 _aHealth care mental
690 _aHealth care primary education
690 _aproximity of the care
786 0 _nPsy Cause | 65 | 1 | 2014-01-17 | p. 42-49 | 1245-2394
856 4 1 _uhttps://shs.cairn.info/revue-psy-cause-2014-1-page-42?lang=fr&redirect-ssocas=7080
999 _c1888590
_d1888590